[Event "SPA Open A"]
[Site "Amsterdam NED"]
[Date "2011.07.11"]
[Round "3"]
[White "Overeem,M"]
[Black "Haria,R"]
[Result "1-0"]
[WhiteElo "2158"]
[BlackElo "2073"]
[EventDate "2011.07.09"]

1. c4 Nf6 2. g3 c5 3. Bg2 d5 4. cxd5 Nxd5 5. Nc3 Nc7 6. Nf3 Nc6 7. O-O e5
8. a3 f6 9. e3 Be7 10. d4 cxd4 11. exd4 exd4 12. Ne2 Ne6 13. b4 d3 14. Nf4
Nxf4 15. Bxf4 Bg4 16. Qb3 Qd7 17. b5 Bxf3 18. Bxf3 Nd4 19. Qxd3 Nxf3+ 20.
Qxf3 O-O 21. a4 Rad8 22. Rad1 Qf5 23. Qxb7 Bc5 24. Qf3 Kh8 25. Kg2 Bb6 26.
Bd6 Qxf3+ 27. Kxf3 Rf7 28. Bf4 Rfd7 29. Rxd7 Rxd7 30. Rc1 Kg8 31. Be3 Bxe3
32. Kxe3 Kf7 33. Rc4 Ke6 34. Re4+ Kf5 35. Rd4 Re7+ 36. Kd3 h5 37. a5 Rb7
38. Kc4 g5 39. Kc5 Ke5 40. b6 axb6+ 41. axb6 Rb8 42. g4 hxg4 43. Rxg4 Ke6
44. Kb5 Ra8 45. b7 Rb8 46. Kb6 Kf5 47. Rc4 1-0

[Event "SPA Open A"]
[Site "Amsterdam NED"]
[Date "2011.07.11"]
[Round "3"]
[White "Van Der Eijk,Martijn"]
[Black "De Roode,M"]
[Result "0-1"]
[WhiteElo "2139"]
[BlackElo "2098"]
[EventDate "2011.07.09"]

1. f4 d5 2. Nf3 Bg4 3. e3 Nd7 4. h3 Bxf3 5. Qxf3 c6 6. d4 e6 7. g4 Be7 8.
Bd3 Qb6 9. c3 O-O-O 10. Nd2 Ngf6 11. a4 h5 12. g5 Ne8 13. h4 Nd6 14. a5 Qc7
15. a6 b6 16. e4 Kb8 17. c4 dxe4 18. Nxe4 Nf5 19. Be3 Nf8 20. O-O Ng6 21.
Nc3 Ngxh4 22. Qf2 Nxe3 23. Qxe3 Rxd4 24. Na4 Rhd8 25. Be4 Rxc4 26. Rfc1
Rdd4 27. Rxc4 Rxc4 28. Rc1 Rxa4 29. Bxc6 Qxf4 30. Qxf4+ Rxf4 31. Rd1 Bc5+
32. Kh2 Rd4 33. Rf1 Nf5 0-1

[Event "SPA Open A"]
[Site "Amsterdam NED"]
[Date "2011.07.11"]
[Round "3"]
[White "Burton,G"]
[Black "Theulings,PP"]
[Result "0-1"]
[WhiteElo "2051"]
[BlackElo "2120"]
[EventDate "2011.07.09"]

1. e4 Nf6 2. e5 Nd5 3. Nc3 Nxc3 4. bxc3 d6 5. f4 g6 6. Nf3 Bg7 7. d4 O-O 8.
Bc4 dxe5 9. fxe5 c5 10. O-O Nc6 11. Be3 Bg4 12. Qd2 Qa5 13. Ng5 cxd4 14.
Rxf7 e6 15. Rxb7 Qxe5 16. cxd4 Qd6 17. Ne4 Qd8 18. Rxg7+ Kxg7 19. Bh6+ Kh8
20. Bxf8 Qxf8 21. Rf1 Qg7 22. c3 Rc8 23. Nc5 Qe7 24. Qf4 Bf5 25. Bxe6 Bxe6
26. Re1 Rf8 27. Qe4 Bc4 28. Qxe7 Nxe7 29. h3 Nd5 30. Rc1 Re8 31. Nd7 Re2
32. Ne5 Bxa2 33. c4 Nf4 34. Nc6 Re6 35. d5 Ne2+ 36. Kh2 Nxc1 37. dxe6 Bxc4
38. e7 Bf7 39. Nxa7 Kg7 40. Nc6 Kf6 41. g4 Be8 42. Nd4 Kxe7 43. Kg3 Nd3 44.
h4 h6 45. h5 Kf6 46. hxg6 Bxg6 47. Nf3 Be4 48. Nd2 Bd5 49. Nf1 Kg5 50. Ne3
Be6 51. Nf5 Bxf5 52. gxf5 Kxf5 53. Kg2 Kg4 54. Kg1 Kg3 0-1

[Event "SPA Open A"]
[Site "Amsterdam NED"]
[Date "2011.07.11"]
[Round "3"]
[White "Hamiti,Gani"]
[Black "Brookes,C"]
[Result "0-1"]
[WhiteElo "2221"]
[BlackElo "2056"]
[EventDate "2011.07.09"]

1. e4 c5 2. Nf3 d6 3. d4 cxd4 4. Nxd4 Nf6 5. Nc3 Nc6 6. Bc4 Bd7 7. Bg5 Qa5
8. Bxf6 gxf6 9. Nxc6 bxc6 10. Qd3 Rg8 11. g3 f5 12. O-O-O fxe4 13. Qxe4 Qf5
14. Qe2 d5 15. Nxd5 cxd5 16. Rxd5 Qe6 17. Qd3 Bc6 18. Bb5 Bh6+ 19. f4 Bxb5
20. Qxb5+ Kf8 21. Rhd1 Kg7 22. Qa5 Rgc8 23. Re1 Qc6 24. Qd2 Kf8 25. Rd7 e6
26. c3 Rab8 27. Rxa7 Rd8 28. Qc2 Bg7 29. Ra3 Qc5 30. Rb3 Ra8 31. Kb1 Ra6
32. Rd1 Rxd1+ 33. Qxd1 Rd6 34. Rb8+ Ke7 35. Rb7+ Kf6 36. Qe1 Qf5+ 37. Kc1
Kg6 38. Qe2 e5 39. Rb5 f6 40. Qc2 Bh6 41. a4 Qxc2+ 42. Kxc2 e4 43. Rb8 Kf7
44. Rb4 f5 45. Rd4 Rxd4 46. cxd4 Ke6 47. h3 Bg7 48. g4 Bxd4 49. a5 Kd5 50.
a6 Kc6 51. b4 h6 52. Kd2 Kd6 53. b5 Ke6 54. Ke2 Kf6 55. Kf1 Kg6 56. Kg2
fxg4 57. hxg4 h5 58. Kg3 hxg4 59. Kxg4 Kf6 60. f5 e3 0-1

[Event "SPA Open A"]
[Site "Amsterdam NED"]
[Date "2011.07.11"]
[Round "3"]
[White "Ritsema,R"]
[Black "Hovenga,A"]
[Result "0-1"]
[WhiteElo "2103"]
[BlackElo "2221"]
[EventDate "2011.07.09"]

1. d4 Nf6 2. c4 c5 3. d5 b5 4. cxb5 a6 5. bxa6 Bxa6 6. Nc3 d6 7. e4 Bxf1 8.
Kxf1 g6 9. Nge2 Bg7 10. h3 O-O 11. Kg1 Nbd7 12. Kh2 Qa5 13. Rf1 Rfb8 14. f4
Ne8 15. Qd3 Nc7 16. e5 dxe5 17. d6 c4 18. Qxc4 exd6 19. Qc6 Rd8 20. Qxd6
Nc5 21. Qc6 Ra6 22. Qf3 Rd3 23. Qf2 Rf6 24. b4 Qxb4 25. Rb1 Qc4 26. Rb8+
Bf8 27. Rc8 N7e6 28. Be3 Kg7 29. Nd1 Qxa2 30. Nc1 Qxf2 31. Bxf2 Ra3 32.
fxe5 Rf5 33. Re1 Nd7 34. Bg3 Bc5 35. Rh1 h5 36. Nb2 Rc3 37. Ra8 Nxe5 38.
Bxe5+ Rxe5 39. Na4 Ra3 40. Rd1 Be3 41. Nd3 Rd5 42. Ndb2 Bf4+ 43. g3 Bxg3+
44. Kg2 Nf4+ 0-1

[Event "SPA Open A"]
[Site "Amsterdam NED"]
[Date "2011.07.11"]
[Round "3"]
[White "Harmsen,Michiel"]
[Black "White,K"]
[Result "0-1"]
[WhiteElo "2140"]
[BlackElo "2104"]
[EventDate "2011.07.09"]

1. d4 Nf6 2. c4 g6 3. Nc3 Bg7 4. e4 O-O 5. Be2 c5 6. d5 Qa5 7. Bd2 d6 8. h3
e6 9. Nf3 exd5 10. exd5 Re8 11. O-O a6 12. a4 Qc7 13. Bd3 Nbd7 14. b3 Ne5
15. Bc2 Nh5 16. Nh2 f5 17. g4 fxg4 18. hxg4 Qe7 19. gxh5 Qh4 20. Be4 Ng4
21. Nxg4 Bxg4 22. Bf3 Be5 23. Re1 Qh2+ 24. Kf1 Bg3 25. Bg2 Bxd1 26. Raxd1
Rf8 27. Ne4 Be5 28. hxg6 hxg6 29. Bg5 Rae8 30. Rd3 Bd4 31. Rxd4 cxd4 32.
Nf6+ Kf7 33. Rxe8 Rxe8 34. Nxe8 Kxe8 35. Bd2 Kf7 36. a5 Kf6 37. b4 Qh5 38.
Ke1 Qg4 39. Bf1 Qe4+ 40. Kd1 Qb1+ 0-1

[Event "SPA Open A"]
[Site "Amsterdam NED"]
[Date "2011.07.11"]
[Round "3"]
[White "Van den Berg,Ha"]
[Black "Hendriks,Th"]
[Result "1/2-1/2"]
[WhiteElo "2136"]
[BlackElo "2053"]
[EventDate "2011.07.09"]

1. e4 c5 2. Nf3 Nc6 3. d4 cxd4 4. Nxd4 Nf6 5. Nc3 e5 6. Ndb5 d6 7. Nd5 Nxd5
8. exd5 Nb8 9. c4 Be7 10. Bd3 O-O 11. O-O a6 12. Nc3 f5 13. f3 Nd7 14. Be3
Bg5 15. Bf2 Bh4 16. g3 Bg5 17. Qc2 e4 18. fxe4 f4 19. e5 Nxe5 20. Bxh7+ Kh8
21. Bd4 Bh3 22. Bxe5 dxe5 23. Rfe1 Qb6+ 24. Qf2 Qxf2+ 25. Kxf2 Kxh7 26. Kf3
Bd7 27. g4 Rae8 28. Ne4 Bd8 29. c5 Bb5 30. Red1 Kg6 31. a4 Bd7 32. Nd6 e4+
33. Nxe4 Bxg4+ 34. Kxg4 Rxe4 35. Re1 Rfe8 36. Rf1 Rc4 37. Rxf4 Ree4 38.
Rxe4 Rxe4+ 39. Kf3 Rc4 40. Rd1 Rxc5 41. Ke4 Rc4+ 42. Ke5 Rxa4 43. Ke6 Re4+
44. Kd7 Bf6 45. d6 Rb4 46. Kc8 Rxb2 47. d7 a5 48. Rd6 Rc2+ 49. Kxb7 Kf7 50.
Rxf6+ Ke7 51. Rf7+ Kd8 52. Rxg7 Rxh2 53. Kc6 Rh6+ 54. Kb5 Rd6 55. Kxa5 Rxd7
1/2-1/2

[Event "SPA Open A"]
[Site "Amsterdam NED"]
[Date "2011.07.11"]
[Round "3"]
[White "Go,B"]
[Black "Volkers,A"]
[Result "1-0"]
[WhiteElo "2124"]
[BlackElo "2046"]
[EventDate "2011.07.09"]

1. e4 c6 2. d4 d5 3. Nc3 dxe4 4. Bc4 Nf6 5. f3 exf3 6. Nxf3 Bf5 7. Ne5 e6
8. O-O Bg6 9. Bg5 Be7 10. Qd2 Bxc2 11. Nxf7 Kxf7 12. Rae1 Bg6 13. Rxe6 Kf8
14. Bxf6 gxf6 15. Rfe1 h6 16. Rxe7 c5 17. Nd5 Bf7 18. Rxf7+ Kxf7 19. Nf4+
1-0

[Event "SPA Open A"]
[Site "Amsterdam NED"]
[Date "2011.07.12"]
[Round "4"]
[White "Sedlak,N"]
[Black "Tan,Mat"]
[Result "1-0"]
[WhiteElo "2580"]
[BlackElo "2400"]
[EventDate "2011.07.09"]

1. d4 Nf6 2. c4 e5 3. dxe5 Ng4 4. Bf4 Nc6 5. Nf3 Bb4+ 6. Nbd2 Qe7 7. a3
Ncxe5 8. Nxe5 Nxe5 9. e3 Bxd2+ 10. Qxd2 d6 11. Be2 b6 12. O-O Bb7 13. Qc3
Ng6 14. Qxg7 O-O-O 15. Qh6 Rhg8 16. Bg4+ Kb8 17. Bg3 f5 18. Bh3 Rdf8 19.
Rad1 Qf6 20. b4 Qc3 21. c5 bxc5 22. bxc5 Qxc5 23. Rc1 Qa5 24. Qxh7 Ne5 25.
Bxe5 dxe5 26. Qe7 Rh8 27. Rb1 Ka8 28. Rxb7 Kxb7 29. Rb1+ Ka8 30. Qd7 Rh6
31. Bxf5 Rb6 32. Be4+ Kb8 33. Rc1 Rd6 34. Qe7 Rc8 35. h4 Qa4 36. Qxe5 Rd1+
37. Kh2 Qxe4 38. Qxe4 Rxc1 39. h5 c5 40. h6 Rd1 41. Qf4+ Rc7 42. h7 Rd8 43.
Qe5 1-0

[Event "SPA Open A"]
[Site "Amsterdam NED"]
[Date "2011.07.12"]
[Round "4"]
[White "Bosboom,M"]
[Black "Popovic,Du"]
[Result "0-1"]
[WhiteElo "2399"]
[BlackElo "2569"]
[EventDate "2011.07.09"]

1. c4 g6 2. Nc3 Bg7 3. h4 Nf6 4. e3 O-O 5. g4 c6 6. h5 d5 7. h6 Bh8 8. g5
Ne4 9. Qb3 e5 10. cxd5 Nxc3 11. bxc3 cxd5 12. Ba3 Re8 13. c4 d4 14. Bg2 e4
15. Ne2 Qxg5 16. Rg1 dxe3 17. O-O-O exf2 18. Rgf1 Qxg2 19. Bb2 Qf3 20. d3
exd3 21. Bxh8 Qxe2 0-1

[Event "SPA Open A"]
[Site "Amsterdam NED"]
[Date "2011.07.12"]
[Round "4"]
[White "Adhiban,B"]
[Black "Miedema,D"]
[Result "1-0"]
[WhiteElo "2542"]
[BlackElo "2399"]
[EventDate "2011.07.09"]

1. d4 Nf6 2. c4 e6 3. Nf3 b6 4. g3 Ba6 5. Qc2 c5 6. d5 exd5 7. cxd5 Bb7 8.
Bg2 Nxd5 9. O-O Be7 10. Qe4 Na6 11. Nh4 O-O 12. Nf5 Bf6 13. Qc4 Nac7 14.
Rd1 Ba6 15. Qg4 Nb4 16. Bxa8 Qxa8 17. Rxd7 Ne6 18. Nc3 Nd4 19. Nh6+ Kh8 20.
Nxf7+ Kg8 21. Nh6+ Kh8 22. Nf7+ Kg8 23. Nh6+ Kh8 24. Bg5 Qc6 25. Nf7+ Kg8
26. Nh6+ Kh8 27. Nf7+ Kg8 28. Bxf6 Qxf6 29. Ne4 Nxe2+ 30. Kg2 Qg6 31. Qxg6
hxg6 32. Nfg5 Nd4 33. Rxa7 Bc4 34. Rd7 Nd3 35. b3 Bb5 36. Rd6 Bc6 37. f3
Ne5 38. Ne6 Bxe4 39. fxe4 Nxe6 40. Rxe6 Ng4 41. Rxg6 Ne3+ 42. Kg1 b5 43.
Re1 Nc2 44. Rc1 Ne3 45. Rg5 c4 46. Rxb5 c3 47. Rc5 c2 48. R5xc2 1-0

[Event "SPA Open A"]
[Site "Amsterdam NED"]
[Date "2011.07.12"]
[Round "4"]
[White "Van Assendelft,F"]
[Black "Friedel,J"]
[Result "0-1"]
[WhiteElo "2393"]
[BlackElo "2531"]
[EventDate "2011.07.09"]

1. e4 e5 2. f4 exf4 3. Bc4 Nf6 4. Nc3 c6 5. Bb3 d5 6. exd5 cxd5 7. d4 Bd6
8. Nf3 O-O 9. O-O Nc6 10. Nxd5 Nxd5 11. Bxd5 Bg4 12. c3 Qd7 13. h3 Ne7 14.
Be4 Bf5 15. Bxf5 Nxf5 16. Ng5 Qe7 17. Nf3 Ne3 18. Bxe3 fxe3 19. Qd3 Bg3 20.
Ne5 Bf2+ 21. Kh1 f6 22. Qc4+ Kh8 23. Nd3 Bh4 24. Rf3 Rae8 25. d5 f5 26. Nf4
Qe4 27. Qxe4 fxe4 28. Rff1 Rf5 29. g4 Rf6 30. Ne2 Rf3 31. Kg1 h5 32. gxh5
Re5 33. Nf4 Bf2+ 0-1

[Event "SPA Open A"]
[Site "Amsterdam NED"]
[Date "2011.07.12"]
[Round "4"]
[White "Bezemer,A"]
[Black "Wiersma,E"]
[Result "1/2-1/2"]
[WhiteElo "2348"]
[BlackElo "2390"]
[EventDate "2011.07.09"]

1. e4 c5 2. Nf3 Nc6 3. d4 cxd4 4. Nxd4 e5 5. Nb5 d6 6. N1c3 a6 7. Na3 b5 8.
Nd5 Nge7 9. c4 Nxd5 10. exd5 Nd4 11. cxb5 Bd7 12. Be3 axb5 13. Bxd4 exd4
14. Bd3 Qa5+ 15. Kf1 b4 16. Nc4 Qc5 17. Rc1 Be7 18. Ne5 Qxd5 19. Nxd7 Kxd7
20. Qg4+ f5 21. Bxf5+ Kd8 22. h4 h5 23. Qg6 Qe5 24. Qe6 Qxe6 25. Bxe6 Bf6
26. Rh3 Re8 27. Bf7 1/2-1/2

[Event "SPA Open A"]
[Site "Amsterdam NED"]
[Date "2011.07.12"]
[Round "4"]
[White "Schoorl,R"]
[Black "Nijboer,F"]
[Result "0-1"]
[WhiteElo "2262"]
[BlackElo "2546"]
[EventDate "2011.07.09"]

1. e4 d6 2. d4 Nf6 3. Nc3 g6 4. Bg5 Bg7 5. Qd2 h6 6. Bh4 g5 7. Bg3 Nh5 8.
Nge2 c5 9. dxc5 dxc5 10. Qxd8+ Kxd8 11. O-O-O+ Nd7 12. Nd5 Nxg3 13. hxg3 e6
14. Ne3 Kc7 15. f4 b5 16. Nc3 a6 17. e5 f6 18. Ne4 gxf4 19. gxf4 fxe5 20.
f5 Nf6 21. Nxf6 Bxf6 22. Bd3 Bg5 23. Rde1 exf5 24. c4 e4 25. Bc2 Be6 26. g4
fxg4 27. Bxe4 Rae8 28. cxb5 Bxa2 0-1

[Event "SPA Open A"]
[Site "Amsterdam NED"]
[Date "2011.07.12"]
[Round "4"]
[White "Riemersma,L"]
[Black "Plukkel,S"]
[Result "1-0"]
[WhiteElo "2416"]
[BlackElo "2298"]
[EventDate "2011.07.09"]

1. d4 d6 2. Nf3 Nd7 3. e4 e5 4. Bc4 exd4 5. Qxd4 Qf6 6. Nc3 Nb6 7. Bb3 Qxd4
8. Nxd4 Be7 9. a4 Bd8 10. f4 Ne7 11. e5 dxe5 12. fxe5 Nf5 13. Nce2 Nxd4 14.
Nxd4 O-O 15. a5 c5 16. Nf3 Nd7 17. O-O Bc7 18. Be3 Re8 19. Ng5 Nxe5 20.
Bxc5 Be6 21. Nxe6 fxe6 22. Rae1 Kh8 23. Re4 Nd7 24. Bb4 Ne5 25. Bc3 Ng6 26.
Rf7 Re7 27. Bxg7+ Kg8 28. Rxe7 Nxe7 29. Rxe6 Kf7 30. Bf6 Nf5 31. Bc3 1-0

[Event "SPA Open A"]
[Site "Amsterdam NED"]
[Date "2011.07.12"]
[Round "4"]
[White "Klein,Da"]
[Black "Vroombout,E"]
[Result "1-0"]
[WhiteElo "2366"]
[BlackElo "2175"]
[EventDate "2011.07.09"]

1. e4 c5 2. Nf3 d6 3. d4 cxd4 4. Nxd4 Nf6 5. Nc3 g6 6. Be3 Bg7 7. f3 O-O 8.
Qd2 Nc6 9. g4 Be6 10. Nxe6 fxe6 11. O-O-O d5 12. exd5 Nxd5 13. Nxd5 exd5
14. f4 e6 15. Kb1 Qc7 16. Qe2 Rae8 17. Bg2 d4 18. Bc1 Nb4 19. Rhe1 e5 20.
f5 Rc8 21. Be4 Qf7 22. b3 Nd5 23. Bb2 Rc5 24. fxg6 hxg6 25. Rf1 Qc7 26.
Rxf8+ Bxf8 27. Bxd5+ Rxd5 28. Rf1 b5 29. Qf3 Rd8 30. Qf6 Qd6 31. Qf7+ Kh8
32. Rf3 1-0

[Event "SPA Open A"]
[Site "Amsterdam NED"]
[Date "2011.07.12"]
[Round "4"]
[White "Testa,Ad"]
[Black "Goes,S"]
[Result "0-1"]
[WhiteElo "2269"]
[BlackElo "2104"]
[EventDate "2011.07.09"]

1. d4 Nf6 2. c4 g6 3. g3 Bg7 4. Bg2 O-O 5. Nc3 d6 6. Nf3 Nc6 7. O-O Rb8 8.
h3 a6 9. e4 b5 10. cxb5 axb5 11. d5 b4 12. Ne2 Na5 13. Nfd4 Bd7 14. b3 c5
15. dxc6 Nxc6 16. Be3 Qa5 17. Qd2 Rfd8 18. Rfc1 Nxd4 19. Bxd4 e5 20. Bb2
Be6 21. f4 Qb6+ 22. Kh2 h5 23. f5 gxf5 24. exf5 Bxf5 25. Ng1 Rbc8 26. Rxc8
Rxc8 27. Rc1 Rxc1 28. Bxc1 Qc5 29. Qe3 Qxe3 30. Bxe3 Bf8 31. Nf3 Nd5 32.
Bd2 Be6 33. Ng5 Nc3 34. Nxe6 fxe6 35. a4 bxa3 36. Bxc3 d5 37. Be4 a2 38.
Ba1 dxe4 39. Kg2 Bc5 40. Bxe5 Bf8 0-1

[Event "SPA Open A"]
[Site "Amsterdam NED"]
[Date "2011.07.12"]
[Round "4"]
[White "Markus,J"]
[Black "Geenen,M"]
[Result "1/2-1/2"]
[WhiteElo "2137"]
[BlackElo "2267"]
[EventDate "2011.07.09"]

1. d4 Nf6 2. Nf3 g6 3. c4 Bg7 4. Nc3 O-O 5. e4 d6 6. Be2 Na6 7. Bg5 h6 8.
Bf4 e5 9. dxe5 Nh5 10. Be3 dxe5 11. Qc1 Kh7 12. O-O c6 13. b4 Nxb4 14. Bc5
Na6 15. Bxf8 Qxf8 16. g3 Bf6 17. Rb1 Ng7 18. Ne1 Bh3 19. Ng2 1/2-1/2

[Event "SPA Open A"]
[Site "Amsterdam NED"]
[Date "2011.07.12"]
[Round "4"]
[White "Mellema,A"]
[Black "Van Weersel,A"]
[Result "1-0"]
[WhiteElo "2131"]
[BlackElo "2237"]
[EventDate "2011.07.09"]

1. e4 e5 2. Nc3 Nf6 3. Nf3 Nc6 4. a3 d5 5. Bb5 d4 6. Ne2 Bd7 7. d3 Bd6 8.
O-O O-O 9. Ng3 Re8 10. Bc4 h6 11. Qe2 Be6 12. Bxe6 Rxe6 13. Nh4 Bf8 14. Nh5
Nxh5 15. Qxh5 Ne7 16. f4 exf4 17. Bxf4 Ng6 18. Nxg6 fxg6 19. Qg4 Qc8 20.
Rf2 Rf6 21. Qg3 c5 22. Raf1 Qe6 23. h4 Be7 24. Rf3 Raf8 25. a4 c4 26. Qf2
Bc5 27. Qg3 b6 28. Bb8 Rxf3 29. Rxf3 Rxf3 30. Qxf3 a6 31. Qg3 Kh7 32. Be5
cxd3 33. cxd3 Qd7 34. Qf3 Kg8 35. Qd1 Qe7 36. Qb3+ Kh7 37. Bg3 Qd7 38. Qc4
a5 39. Bf2 Qd6 40. b3 Qe5 41. Qd5 Qf4 42. Qc4 Qd2 43. Bg3 g5 44. Qf7 gxh4
45. Be5 Qg5 46. Qf5+ Qxf5 47. exf5 g6 48. fxg6+ Kxg6 49. Kh2 Kf5 50. Bg7
Kg6 51. Bh8 Kf5 52. Bg7 Kg6 53. Be5 Kf5 54. Bb8 Kg4 55. Bc7 h5 56. Be5 h3
57. Bc7 hxg2 58. Kxg2 h4 59. Be5 h3+ 60. Kf2 Be7 61. Bc7 Bc5 62. Be5 Kf5
63. Bc7 Ke6 64. Kf3 Kd5 65. Bd8 Kc6 66. Kg3 b5 67. Bxa5 bxa4 68. bxa4 Kb7
69. Kxh3 Ka6 70. Be1 Bb6 71. Kg4 Ba5 72. Bxa5 Kxa5 73. Kf4 Kxa4 74. Ke5 Kb5
75. Kxd4 Kc6 76. Kc4 Kd6 77. Kd4 Kc7 78. Kc5 Kd7 79. Kd5 Kd8 80. Kd6 Kc8
81. d4 Kd8 82. d5 1-0

[Event "SPA Open A"]
[Site "Amsterdam NED"]
[Date "2011.07.12"]
[Round "4"]
[White "Timmermans,I"]
[Black "Van der Lende,I"]
[Result "1/2-1/2"]
[WhiteElo "2232"]
[BlackElo "2141"]
[EventDate "2011.07.09"]

1. d4 e6 2. c4 Nf6 3. Nc3 Bb4 4. e3 b6 5. Bd3 Bb7 6. Nf3 Ne4 7. O-O Bxc3 8.
bxc3 f5 9. Qc2 O-O 10. Nd2 Qh4 11. f3 Nxd2 12. Bxd2 d6 13. e4 fxe4 14. fxe4
Nd7 15. Be3 e5 16. c5 exd4 17. cxd4 dxc5 18. dxc5 Ne5 19. g3 Qh5 20. Rac1
Nf3+ 21. Kh1 Rad8 22. Bg1 Ne5 23. Rxf8+ Kxf8 24. Bf1 Qg5 25. Bg2 Rd2 26.
Qc3 Rxg2 27. Rf1+ Ke8 28. Kxg2 Bxe4+ 29. Kf2 Qf6+ 30. Ke1 Nf3+ 31. Rxf3
Bxf3 32. Qxf6 gxf6 33. cxb6 axb6 34. Kd2 Kd7 35. Kc3 c5 36. Be3 Kc6 37. a3
Kb5 38. Bf4 Bg4 39. h4 Be6 40. Bc7 f5 41. Bd8 1/2-1/2

[Event "SPA Open A"]
[Site "Amsterdam NED"]
[Date "2011.07.12"]
[Round "4"]
[White "Brink,B"]
[Black "Lombaers,P"]
[Result "0-1"]
[WhiteElo "2204"]
[BlackElo "2097"]
[EventDate "2011.07.09"]

1. d4 Nf6 2. c4 g6 3. Nc3 d5 4. e3 Bg7 5. Qb3 e6 6. Nf3 O-O 7. Bd2 c5 8.
dxc5 Na6 9. Qa3 Ne4 10. Nxe4 dxe4 11. Nd4 b6 12. c6 Nc5 13. b4 Nd3+ 14.
Bxd3 exd3 15. O-O e5 16. Nb5 Be6 17. c5 bxc5 18. Rac1 a6 19. Nc3 c4 20. Na4
Qc7 21. Nb2 Qxc6 22. Qxd3 Bd5 23. Qe2 Bxg2 24. Rfe1 Bf3 25. Qf1 Qd7 0-1

[Event "SPA Open A"]
[Site "Amsterdam NED"]
[Date "2011.07.12"]
[Round "4"]
[White "Hoffman,Ro"]
[Black "Van Hengel,H"]
[Result "0-1"]
[WhiteElo "2106"]
[BlackElo "2203"]
[EventDate "2011.07.09"]

1. c4 c5 2. g3 Nf6 3. Bg2 e6 4. Nf3 d5 5. O-O Nc6 6. b3 Be7 7. Bb2 d4 8. e3
e5 9. exd4 cxd4 10. Re1 Nd7 11. b4 f6 12. b5 Nb4 13. Ba3 Nd3 14. Nxd4 Bxa3
15. Nxa3 N7c5 16. Bd5 Nxe1 17. Qxe1 Qe7 18. Ndc2 Be6 19. Bg2 Rd8 20. Rd1
Bg4 21. f3 Bh5 22. d4 exd4 23. Nxd4 Qxe1+ 24. Rxe1+ Kf7 25. Nf5 Bg6 26. Bh3
Bxf5 27. Bxf5 Rd2 28. Nb1 Rxa2 29. Nc3 Re8 30. Rc1 Rb2 31. Ne4 Nxe4 32.
Bxe4 b6 33. c5 Rxb5 34. c6 Rc8 35. Rd1 Rc7 36. Rd8 f5 37. Bd5+ Ke7 0-1

[Event "SPA Open A"]
[Site "Amsterdam NED"]
[Date "2011.07.12"]
[Round "4"]
[White "Brookes,C"]
[Black "Overeem,M"]
[Result "1-0"]
[WhiteElo "2056"]
[BlackElo "2158"]
[EventDate "2011.07.09"]

1. e4 c5 2. Nf3 d6 3. d4 cxd4 4. Nxd4 Nf6 5. Nc3 Nc6 6. Bg5 Bd7 7. Be2 Qa5
8. Bxf6 gxf6 9. O-O Rg8 10. g3 Nxd4 11. Qxd4 Rc8 12. a4 Qc5 13. Qd2 h5 14.
Bb5 h4 15. Kg2 a6 16. Bxd7+ Kxd7 17. Nd5 Rc6 18. c3 Rg6 19. b4 Qa7 20. b5
Rc5 21. Qd4 Bg7 22. f4 f5 23. e5 hxg3 24. hxg3 Ke8 25. Rfe1 Kf8 26. b6 Qb8
27. Nxe7 Re6 28. Nxf5 1-0

[Event "SPA Open A"]
[Site "Amsterdam NED"]
[Date "2011.07.12"]
[Round "4"]
[White "Edeling,J"]
[Black "De Rover,YH"]
[Result "0-1"]
[WhiteElo "2115"]
[BlackElo "2275"]
[EventDate "2011.07.09"]

1. e4 c5 2. Nf3 d6 3. c3 Nf6 4. g3 Nc6 5. d3 g6 6. Bg2 Bg7 7. O-O O-O 8.
Re1 Bg4 9. h3 Bxf3 10. Qxf3 Rb8 11. Qe2 b5 12. a3 Nd7 13. f4 Qc7 14. Be3 a5
15. Nd2 b4 16. axb4 axb4 17. Rec1 bxc3 18. bxc3 Rb2 19. Qf3 Na5 20. Ra3
Rfb8 21. Qd1 R2b5 22. Bf1 e6 23. Qa4 Nc6 24. Qd1 R5b7 25. d4 Na7 26. f5
exf5 27. exf5 Nb5 28. Ra6 Ra7 29. Rxa7 Qxa7 30. fxg6 hxg6 31. dxc5 Nxc3 32.
Qf3 dxc5 33. Bf4 Bd4+ 34. Kh1 Qa3 35. Re1 Rf8 36. Bd6 Qa2 37. Qf4 Nd5 38.
Qh6 Be3 39. Rxe3 Qxd2 40. Bf4 Nxe3 41. Bxe3 Qd1 42. Kg2 Qd5+ 43. Kg1 Ra8
44. Bc1 Ra2 45. Qg5 Ne5 0-1

[Event "SPA Open A"]
[Site "Amsterdam NED"]
[Date "2011.07.12"]
[Round "4"]
[White "Bottema,To"]
[Black "Roebers,J"]
[Result "1/2-1/2"]
[WhiteElo "2247"]
[BlackElo "2219"]
[EventDate "2011.07.09"]

1. e4 e5 2. d4 exd4 3. Qxd4 Nc6 4. Qe3 d6 5. Nc3 Nb4 6. Bb5+ c6 7. Ba4 Qa5
8. Qe2 Be6 9. a3 Na6 10. b4 Qe5 11. Bb2 Nf6 12. O-O-O Qg5+ 13. f4 Qxf4+ 14.
Kb1 O-O-O 15. Bxc6 Nc7 16. e5 Bc4 17. Qe1 Ng4 18. Nh3 Qxe5 19. Qh4 bxc6 20.
Qxg4+ Be6 21. Qf3 Bd7 22. Qf2 Kb7 23. Rhe1 Qf5 24. Qh4 f6 25. Ne4 Re8 26.
Nxd6+ Bxd6 27. Rxd6 Qg4 28. Qf2 Rxe1+ 29. Qxe1 Re8 30. Qd1 Qxd1+ 31. Rxd1
Bxh3 32. gxh3 Nd5 33. c4 Ne3 34. Rd7+ Kc8 35. Rxg7 Nxc4 36. Rxh7 Re2 37.
Bc1 Rxh2 38. h4 Ne5 39. Bf4 Rh1+ 40. Kc2 Ng6 41. Bg3 Rh3 42. Be1 Nf4 43.
Rxa7 Ng2 44. Bc3 Ne3+ 45. Kc1 f5 46. Bf6 f4 47. Bg5 Nc4 48. Rf7 f3 49. a4
Ne5 50. Rf8+ Kd7 51. Kd2 Ng4 52. Kd3 f2+ 53. Ke2 Rh1 54. Bd2 Rxh4 55. Rf4
Rh1 56. a5 Kc7 57. Rf7+ Kb8 58. Bc3 f1=Q+ 59. Rxf1 Rxf1 60. Kxf1 Ne3+ 61.
Ke2 Nd5 62. Kd3 Nxb4+ 1/2-1/2

[Event "SPA Open A"]
[Site "Amsterdam NED"]
[Date "2011.07.12"]
[Round "4"]
[White "Hendrikx,Niels"]
[Black "Go,B"]
[Result "0-1"]
[WhiteElo "2246"]
[BlackElo "2124"]
[EventDate "2011.07.09"]

1. e4 e5 2. f4 exf4 3. Nf3 d6 4. Bc4 h6 5. b3 Bg4 6. O-O Nc6 7. d4 g5 8.
Bb2 Bg7 9. c3 Nf6 10. Nbd2 O-O 11. Bd3 Bh5 12. h3 Re8 13. b4 Bg6 14. Qc2
Nh5 15. b5 Nb8 16. c4 Nd7 17. Rfe1 Ng3 18. Rad1 a6 19. a4 axb5 20. axb5 c5
21. bxc6 bxc6 22. Ra1 Rxa1 23. Rxa1 Qb6 24. Bc3 Rb8 25. Kh2 Qc7 26. Ba5 Qc8
27. Bc3 Qd8 28. Ra6 Rc8 29. e5 Bxd3 30. Qxd3 dxe5 31. dxe5 Nxe5 32. Qxd8+
Rxd8 33. Bxe5 Bxe5 34. Rxc6 Bc3 35. Nb3 Rd1 36. Ng1 Be1 37. h4 Bf2 38. Kh3
f5 0-1

[Event "SPA Open A"]
[Site "Amsterdam NED"]
[Date "2011.07.12"]
[Round "4"]
[White "Zult,D"]
[Black "Pauw,S"]
[Result "1-0"]
[WhiteElo "2241"]
[BlackElo "2115"]
[EventDate "2011.07.09"]

1. c4 e5 2. g3 Nf6 3. Bg2 Nc6 4. Nc3 Bb4 5. Nd5 Bc5 6. Nf3 d6 7. O-O O-O 8.
a3 a5 9. d3 h6 10. Rb1 Nxd5 11. cxd5 Ne7 12. d4 exd4 13. Nxd4 Nf5 14. Nc2
Ne7 15. b4 axb4 16. axb4 Bb6 17. Bb2 Bd7 18. Ra1 Ba4 19. Qd2 Nf5 20. Na3
Qg5 21. Qxg5 hxg5 22. Nc4 Bd4 23. g4 1-0

[Event "SPA Open A"]
[Site "Amsterdam NED"]
[Date "2011.07.12"]
[Round "4"]
[White "White,K"]
[Black "Visser,HJ"]
[Result "0-1"]
[WhiteElo "2104"]
[BlackElo "2225"]
[EventDate "2011.07.09"]

1. c4 Nf6 2. g3 c6 3. Bg2 d5 4. Nf3 Bf5 5. Qb3 Qb6 6. Nc3 Qxb3 7. axb3 e6
8. O-O Nbd7 9. d3 Be7 10. Nd4 Bg6 11. cxd5 exd5 12. e4 dxe4 13. dxe4 O-O
14. h3 Rfe8 15. Be3 Bb4 16. f3 Nd5 17. exd5 Rxe3 18. dxc6 Bc5 19. cxd7 Bxd4
20. Kh2 Rd8 21. Rfd1 Rd3 22. Bf1 Rxd1 23. Rxd1 Rxd7 24. Kg2 Rd8 25. Nb5 Bb6
26. Rxd8+ Bxd8 27. Nxa7 Bf6 28. Nb5 Bxb2 29. Kf2 Kf8 30. Ke3 Ke7 31. Bc4
Bf5 32. g4 Bd7 33. Nc7 Kd6 34. Nd5 b5 0-1

[Event "SPA Open A"]
[Site "Amsterdam NED"]
[Date "2011.07.12"]
[Round "4"]
[White "Vogel,Ja"]
[Black "Smit,F"]
[Result "1/2-1/2"]
[WhiteElo "2221"]
[BlackElo "2055"]
[EventDate "2011.07.09"]

1. d4 e6 2. Nf3 f5 3. g3 Nf6 4. Bg2 d5 5. O-O Bd6 6. c4 c6 7. Qc2 O-O 8.
Bf4 Bxf4 9. gxf4 Ne4 10. e3 Nd7 11. b4 Qe7 12. b5 cxb5 13. cxb5 Nb6 14.
Nbd2 Bd7 15. Qb3 Nd6 16. a4 Nbc4 17. Rfc1 Rac8 18. Qb4 Rfe8 19. Bf1 Nxd2
20. Nxd2 Rxc1 21. Rxc1 Rc8 22. Rc3 Qd8 23. Rxc8 Bxc8 24. Qc5 b6 25. Qc6 Bb7
26. Qc1 Qc8 27. Qa3 Qc7 28. Bd3 Bc8 29. Nf3 Bd7 30. Ne5 Be8 31. Kf1 Nf7 32.
Ke1 Nxe5 33. fxe5 Bh5 34. Kd2 Kf7 1/2-1/2